English Words in French - Statistics

General Stats
  • This quiz has been taken 257 times
  • The average score is 11 of 15
Answer Stats
English French % Correct
Water Eau
92%
With Avec
90%
Speak Parler
87%
Dance Danser
86%
Milk Lait
83%
Go Aller
82%
Cow Vache
79%
Orange juice Jus d’orange
74%
Ice cream Glace
72%
Walk Marcher
72%
Laugh Rire
66%
Monkey Singe
51%
Finger Doigt
50%
Gorilla Gorille
50%
Thigh Cuisse
25%
No matching quizzes found
Score Distribution
Percent of People with Each Score
Percentile by Number Answered
Your Score History
You have not taken this quiz